000 00339nam a2200133Ia 4500
008 231129s1972||||xx |||||||||||||| ||spa||
040 _bspa
082 _a910.4 D542m
100 _aDí­az-Plaja Fernando
245 0 _aManual del Imperfecto viajero
260 _c1972
264 _aBarcelona España : Plaza & Janes
942 _2ddc
_cBKS
999 _c20494
_d20494